[Event "Platonov mem"]
[Site "Kiev"]
[Date "1995.??.??"]
[Round "13"]
[White "Savchenko, Stanislav"]
[Black "Frolov, Artur"]
[Result "1/2-1/2"]
[WhiteElo "2590"]
[BlackElo "2520"]

1.d4 Nf6 2.c4 g6 3.Nc3 Bg7 4.e4 d6 5.Nf3 O-O 6.Be2 e5 7.dxe5 dxe5 8.Qxd8 Rxd8
9.Bg5 Nbd7 10.O-O-O Rf8 11.Nd5 c6 12.Ne7+ Kh8 13.Be3 b6 14.g4 Nc5 15.Nxe5 Nfxe4
16.N5xc6 Bb7 17.f3 Nf6 18.Bd4 Rfe8 19.Rhe1 Ng8 20.Nxg8 Kxg8 21.Bxg7 Bxc6
22.Bc3 Re7 23.Bf6 Rxe2 24.Rxe2 Bxf3 25.Re7 Bxd1 26.Kxd1 Kf8 27.a3 Rd8+ 28.Kc2 Rd6
29.g5 Nd7 30.b4 a6 31.Kc3 Nxf6 32.gxf6 Rxf6 33.Ra7 b5 34.c5 h5 35.Kd4 h4
36.Kd5 Rf5+ 37.Kd6  1/2-1/2

[Event "Kishinev Interzonal (Women)"]
[Site "Kishinev"]
[Date "1995.??.??"]
[Round "5"]
[White "Misanovic, Vesna"]
[Black "Skripchenko, Almira"]
[Result "1-0"]
[WhiteElo "2340"]
[BlackElo "2400"]

1.d4 Nf6 2.c4 g6 3.Nc3 Bg7 4.e4 d6 5.Be2 O-O 6.Nf3 e5 7.d5 Nh5 8.Ng1 Nf6
9.g4 c6 10.h4 cxd5 11.cxd5 Na6 12.h5 Nc5 13.f3 a5 14.Be3 Bd7 15.Qd2 Qe8 16.Nd1 b5
17.Nf2 Rc8 18.Qxa5 Ra8 19.Qc3 Qb8 20.Bd1 b4 21.Qd2 Ra6 22.Ne2 Rc8 23.Kf1 Qa8
24.Nc1 Ne8 25.Kg2 Qb7 26.Be2 Raa8 27.Ncd3 b3 28.Nxc5 dxc5 29.axb3 Rxa1 30.Rxa1 Qxb3
31.Ra7 Bb5 32.Rb7 Nd6 33.Rb6 Nc4 34.Bxc4 Qxc4 35.Qc1 Qb4 36.Kh2 Qa5 37.Qxc5 Rxc5
38.Rb8+ Bf8 39.Bh6 Rc8 40.Rxc8 Qb4 41.Rxf8+ Qxf8 42.Bxf8 Kxf8 43.hxg6 hxg6
44.g5 Ke7 45.Ng4 Kd6 46.Kg3 Bd3 47.Kf2 Bb5 48.Ke3 Ba6 49.f4 exf4+ 50.Kxf4 Bb5
51.Nf6 Bc4 52.e5+ Ke7 53.Ke4 Bb3 54.Kd4 Kd8 55.Kc3 Bd1 56.Kc4 Kc7 57.b4 Be2+
58.Kc5 Ba6 59.e6  1-0

[Event "Kishinev Interzonal (Women)"]
[Site "Kishinev"]
[Date "1995.??.??"]
[Round "6"]
[White "Bobrowska, Monika"]
[Black "Lu Xiaosha"]
[Result "0-1"]
[WhiteElo "2310"]
[BlackElo "2280"]

1.d4 Nf6 2.Nf3 g6 3.c4 Bg7 4.Nc3 O-O 5.e4 d6 6.Be2 e5 7.d5 a5 8.Bg5 h6 9.Bh4 Qe8
10.Nd2 Na6 11.a3 Bd7 12.b3 Nh7 13.O-O h5 14.f3 Bh6 15.Rb1 Be3+ 16.Kh1 Bc5
17.Qc1 f5 18.exf5 gxf5 19.Na2 Qg6 20.b4 axb4 21.axb4 Be3 22.Bf2 Bxf2 23.Rxf2 e4
24.fxe4 fxe4 25.Rxf8+ Rxf8 26.Qg1 Nf6 27.Rb3 Bg4 28.Bf1 h4 29.Nc3 Bf5 30.Nd1 Nh5
31.Qe3 Nb8 32.Be2 Nd7 33.Bxh5 Qxh5 34.Nf2 Nf6 35.Rb1 Qg6 36.Rg1 c6 37.g4 Bd7
38.g5 Nh5 39.Qxe4 Qg7 40.Qxh4 cxd5 41.Ng4 Bxg4 42.Qxg4 Nf4 43.cxd5 Qd4 44.Rd1 Re8
45.Rf1 Rf8 46.Qd1 Qxd5+ 47.Nf3 Nd3 48.Kg2 Qe4 49.h3 d5 50.Kg3 Nxb4 51.Qc1 Nc2
52.Ng1 Qe5+ 53.Kh4 Rc8 54.Rf4 Rc3 55.Nf3 Qc7 56.Qd2 Ne3 57.Rf6 Qh7+ 58.Rh6 Qe4+
59.Kh5 Qxf3+ 60.Kg6  0-1

[Event "Kishinev Interzonal (Women)"]
[Site "Kishinev"]
[Date "1995.??.??"]
[Round "7"]
[White "Berezina, Irina"]
[Black "Paasikangas, Johanna"]
[Result "1-0"]
[WhiteElo "2195"]
[BlackElo "2280"]

1.d4 Nf6 2.Nf3 g6 3.c4 Bg7 4.Nc3 O-O 5.e4 d6 6.Be2 e5 7.Be3 exd4 8.Nxd4 Nbd7
9.O-O Nc5 10.f3 a5 11.Qd2 Re8 12.Rad1 b6 13.Rfe1 Bb7 14.Bf1 Qd7 15.Qc2 h5
16.Nb3 Qc8 17.Bf2 g5 18.Nd4 Nh7 19.Nd5 Qd8 20.Nf5 Be5 21.Be3 Bxd5 22.cxd5 h4
23.Bb5 Rf8 24.g3 hxg3 25.hxg3 Bg7 26.Rd2 Nd7 27.f4 Ndf6 28.Bd4 Nh5 29.Nxg7 Nxg7
30.Rh2 Nf6 31.e5 dxe5 32.Bxe5 Qe7 33.Bxf6  1-0

[Event "Kishinev Interzonal (Women)"]
[Site "Kishinev"]
[Date "1995.??.??"]
[Round "12"]
[White "Peng, Zhaoqin"]
[Black "Arakhamia, Ketevan"]
[Result "1-0"]
[WhiteElo "2355"]
[BlackElo "2420"]

1.d4 Nf6 2.c4 g6 3.Nc3 Bg7 4.e4 d6 5.Be2 O-O 6.Nf3 e5 7.d5 a5 8.Bg5 h6 9.Bh4 Qe8
10.Nd2 Na6 11.O-O Bd7 12.Kh1 Nh7 13.f3 h5 14.a3 Bh6 15.b3 Be3 16.Qc2 Qb8
17.Rae1 Bc5 18.Ndb1 Qa7 19.Nb5 Bxb5 20.cxb5 Nb8 21.Bd3 Nd7 22.Qc1 Kg7 23.Re2 Rac8
24.Be1 Nhf6 25.Nd2 Bd4 26.Nc4 h4 27.g4 hxg3 28.hxg3 Rh8+ 29.Rh2 b6 30.Bd2 Rxh2+
31.Kxh2 Rh8+ 32.Kg2 Qa8 33.Ne3 Nc5 34.Bc4 Qc8 35.Rh1 Rxh1 36.Qxh1 Qh8 37.Qc1 Qh5
38.Nc2 Ncxe4 39.fxe4 Nxe4 40.Nxd4 exd4 41.Be1 Qe5 42.Qf4 f6 43.a4 g5 44.Qxe5 fxe5
45.b4 axb4 46.Bxb4 Kf6 47.Kf3 Nc5 48.Bxc5 dxc5  1-0

[Event "Konik op"]
[Site "?"]
[Date "1995.??.??"]
[Round "?"]
[White "Kutynec, Vladimir"]
[Black "Pavlicek, Rudolf"]
[Result "1/2-1/2"]
[WhiteElo "2270"]
[BlackElo "1970"]

1.d4 Nf6 2.Nf3 g6 3.c4 Bg7 4.Nc3 d6 5.e4 O-O 6.Be2 e5 7.O-O Nbd7 8.Re1 a5
9.Bf1 Ng4 10.h3 Ngf6 11.Bg5 h6 12.Bh4 c6 13.Rb1 g5 14.Bg3 Nh5 15.Bh2 Nf4
16.g3 Ng6 17.d5 Nc5 18.Nd2 a4 19.b4 axb3 20.axb3 Bd7 21.b4 Na6 22.dxc6 bxc6
23.b5 Nc5 24.Nb3 Nxb3 25.Rxb3 Qe7 26.Re2 Be6 27.Rd2 cxb5 28.Nxb5 Rfb8 29.Nxd6 Rxb3
30.Qxb3 Qd7 31.Qb5 Ra1 32.Qxd7 Bxd7 33.Nf5 Be6 34.Kg2 Rc1 35.Ne3 Bf8 36.Rc2 Rxc2
37.Nxc2 Bc5 38.Ne3 Ne7 39.g4 Ng6 40.Kf3 Nf4 41.Nf5 Kh7 42.Bg3 Bd7 43.h4 Ba4
44.Ne3 f6 45.h5 Kg8 46.Be2 Nxe2 47.Kxe2 Bb3 48.Nf5 Bxc4+ 49.Kd2 Kh7 50.f3 Bb4+
51.Kd1 Bc5 52.Be1 Be6 53.Ng3 Bb3+ 54.Kc1 Be3+ 55.Bd2 Bc5 56.Bc3  1/2-1/2

[Event "SLO-chT qual"]
[Site "Kranj"]
[Date "1995.??.??"]
[Round "?"]
[White "Pirnat, S."]
[Black "Hladnik, A."]
[Result "0-1"]
[WhiteElo "1955"]
[BlackElo "2095"]

1.d4 Nf6 2.c4 g6 3.Nc3 Bg7 4.e4 d6 5.Nf3 O-O 6.Be2 e5 7.dxe5 dxe5 8.Bg5 c6
9.Qxd8 Rxd8 10.Rd1 Re8 11.O-O Nbd7 12.Nd2 Nc5 13.Be3 Ne6 14.Nb3 Nf4 15.f3 Nxe2+
16.Nxe2 a5 17.Nc5 Bf8 18.Nc3 Rb8 19.N3a4 b6 20.Nd3 Nd7 21.a3 Ba6 22.Rc1 b5
23.cxb5 Bxb5 24.Ndc5 Nxc5 25.Nxc5 Bxf1 26.Kxf1 Rxb2 27.Nd7 Kg7 28.Nxf8 Rxf8
29.Rxc6 Rd8 30.Rc1 Rb3 31.Bc5 Rc8 32.Ke1 Rb2 33.Be3 Rxc1+ 34.Bxc1 Rxg2 35.Bd2 a4  0-1

[Event "Krasnodar"]
[Site "Krasnodar"]
[Date "1995.??.??"]
[Round "1"]
[White "Poluljahov, Aleksandr"]
[Black "Nadyrhanov, S."]
[Result "1-0"]
[WhiteElo "2450"]
[BlackElo "2470"]

1.d4 Nf6 2.Nf3 g6 3.c4 Bg7 4.Nc3 d6 5.e4 O-O 6.Be2 e5 7.d5 Nbd7 8.Be3 Ng4
9.Bg5 f6 10.Bd2 f5 11.exf5 gxf5 12.Ng5 Ndf6 13.h3 Nh6 14.Qc2 Qe7 15.g4 Nf7
16.O-O-O Bh6 17.f4 exf4 18.Ne6 Bxe6 19.dxe6 Qxe6 20.Bd3 Kh8 21.Nb5 fxg4 22.hxg4 Qxg4
23.Bc3 Qg7 24.Nxc7 Rae8 25.Rdg1 f3+ 26.Kb1 Ng5 27.Nxe8 Rxe8 28.Qh2  1-0

[Event "Kuopio op1"]
[Site "Kuopio"]
[Date "1995.??.??"]
[Round "?"]
[White "Raisa, Unto"]
[Black "Wallace, John Paul"]
[Result "0-1"]
[WhiteElo "2230"]
[BlackElo "2345"]

1.d4 Nf6 2.Nf3 g6 3.c4 Bg7 4.Nc3 O-O 5.e4 d6 6.Be2 Qe8 7.O-O e5 8.dxe5 dxe5
9.b3 b6 10.Ba3 c5 11.Nd2 Nc6 12.Nd5 Rb8 13.Re1 h5 14.Bd3 a5 15.Bb2 Bg4 16.f3 Bd7
17.Nf1 h4 18.Nxf6+ Bxf6 19.Ne3 Nd4 20.Nd5 Bg5 21.Bf1 Qd8 22.Bd3 Be6 23.g3 Kg7
24.Bf1 hxg3 25.hxg3 Bxd5 26.exd5 Qf6 27.Bg2 Rh8 28.Re4 Rbe8 29.Qd3 Qd6 30.Rf1 f5
31.Ree1 Bf6 32.Ba1 Rh7 33.a3 Rhh8 34.b4 Re7 35.bxa5 bxa5 36.Bxd4 cxd4 37.Rb1 Rhe8
38.Rfe1 Bg5 39.f4 Bf6 40.fxe5 Bxe5 41.Rb5 Bf6 42.Rxe7+ Qxe7 43.Rb1 Qd6 44.Rb7+ Kh6
45.Qf3 Re3 46.Qf4+ Qxf4 47.gxf4 d3 48.Rb1 d2 49.Kf2 Bd4 50.Rh1+ Kg7 51.Bf3 Rxa3+
52.Kg2 Rc3 53.d6 Rxc4 54.d7 Bf6 55.Rd1 Rd4 56.Bc6 a4  0-1

[Event "Kuopio op1"]
[Site "Kuopio"]
[Date "1995.??.??"]
[Round "?"]
[White "Niemela, Antti"]
[Black "Sepp, Olav"]
[Result "0-1"]
[WhiteElo "2190"]
[BlackElo "2460"]

1.d4 Nf6 2.c4 g6 3.Nc3 Bg7 4.e4 d6 5.Nf3 O-O 6.Be2 e5 7.O-O Na6 8.Be3 Ng4
9.Bg5 Qe8 10.dxe5 dxe5 11.h3 Nf6 12.Be3 b6 13.c5 Nxc5 14.Bxc5 bxc5 15.Qc2 Rb8
16.b3 Bb7 17.Nd2 Rd8 18.Rfd1 Bh6 19.Bd3 Qe7 20.Nc4 Ba8 21.Qe2 Nh5 22.g3 Ng7
23.Ne3 Bxe3 24.Qxe3 Ne6 25.Rac1 Bc6 26.Bb5 Rxd1+ 27.Rxd1 Bxb5 28.Nxb5 Nd4
29.Nc3 c6 30.Kg2 Qb7 31.Na4 c4 32.Nc5 Qe7 33.b4 a5 34.a3 axb4 35.axb4 Ra8
36.Rc1 Ra2 37.Rxc4 Re2 38.Qh6 Qf6  0-1

[Event "Kuopio op1"]
[Site "Kuopio"]
[Date "1995.??.??"]
[Round "?"]
[White "Tella, Jussi"]
[Black "Sepp, Olav"]
[Result "0-1"]
[WhiteElo "2240"]
[BlackElo "2460"]

1.d4 Nf6 2.c4 g6 3.Nc3 Bg7 4.e4 d6 5.Nf3 O-O 6.Be2 e5 7.d5 a5 8.Bg5 h6 9.Bh4 Na6
10.Nd2 Qe8 11.O-O Nh7 12.a3 Bd7 13.Kh1 h5 14.f3 Bf6 15.Bf2 h4 16.Qc2 Bg5
17.b3 Qe7 18.Qb2 c5 19.Na2 f5 20.exf5 gxf5 21.Rae1 Qg7 22.b4 axb4 23.axb4 e4
24.Qxg7+ Kxg7 25.Nb3 e3 26.Bg1 f4 27.bxc5 Nxc5 28.Nxc5 dxc5 29.Nc3 Nf6 30.Rb1 Ra7
31.h3 Bf5 32.Rb5 Nh5 33.Bh2 Bf6 34.Ne4 Bd4 35.Nxc5 Bxc5 36.Rxc5 Ra2 37.Rc7+ Kg6
38.Bd1 e2 39.Bxe2 Rxe2 40.Rxb7 Rg8 41.Rg1  0-1

[Event "Kuopio op1"]
[Site "Kuopio"]
[Date "1995.??.??"]
[Round "?"]
[White "Sakaev, Konstantin"]
[Black "Yrjola, Jouni"]
[Result "1/2-1/2"]
[WhiteElo "2535"]
[BlackElo "2440"]

1.d4 Nf6 2.c4 g6 3.Nc3 Bg7 4.e4 d6 5.Nf3 O-O 6.Be2 e5 7.O-O Na6 8.Be3 c6
9.d5 Ng4 10.Bg5 f6 11.Bh4 h5 12.Nd2 Nh6 13.f3 Nf7 14.Kh1 Bh6 15.a3 c5 16.Rb1 Bg5
17.Bxg5 fxg5 18.b4 b6 19.Qa4 Kg7 20.Nd1 Qe8 21.Qb3 Bd7 22.Nf2 Qe7 23.Qe3 Rac8
24.Nd3 Nh6 25.g3 Rf7 26.Nb3 g4 27.f4 exf4 28.Nxf4 Kh7 29.bxc5 bxc5 30.Nd2 Nf5
31.Qc3 Nd4 32.Bd3 Kh6 33.Nb3 Nf3 34.Nd2 Nd4 35.Ne2 Nf3 36.Nf4  1/2-1/2

[Event "Kuopio op1"]
[Site "Kuopio"]
[Date "1995.??.??"]
[Round "?"]
[White "Shneider, Aleksandr"]
[Black "Hartikainen, Markku"]
[Result "1-0"]
[WhiteElo "2530"]
[BlackElo "2255"]

1.d4 Nf6 2.c4 g6 3.Nc3 Bg7 4.e4 O-O 5.Nf3 d6 6.Be2 e5 7.Be3 Ng4 8.Bg5 f6
9.Bh4 Nc6 10.d5 Ne7 11.Nd2 h5 12.h3 Nh6 13.b4 c6 14.O-O g5 15.Bg3 g4 16.hxg4 Nxg4
17.Nf3 f5 18.Bh4 Qc7 19.dxc6 bxc6 20.c5 dxc5 21.Bc4+ Kh8 22.bxc5 fxe4 23.Nxe4 Nf5
24.Bg5 Nd4 25.Nh4 Bf5 26.Nxf5 Rxf5 27.Qd2 Rff8 28.Rae1 Nf5 29.f3 Ngh6 30.Nd6 Rab8
31.Re4 a5 32.g4 hxg4 33.fxg4 Nxd6 34.Qxd6 Rxf1+ 35.Kxf1 Rf8+ 36.Kg2 Qxd6
37.cxd6 Ng8 38.Bxg8 Kxg8 39.d7  1-0

[Event "Kurgan"]
[Site "Kurgan"]
[Date "1995.??.??"]
[Round "7"]
[White "Sherbakov, Ruslan"]
[Black "Pospelov, Evgeny"]
[Result "1-0"]
[WhiteElo "2520"]
[BlackElo "2385"]

1.d4 Nf6 2.c4 g6 3.Nc3 Bg7 4.e4 d6 5.Be2 O-O 6.Nf3 e5 7.O-O Nbd7 8.Be3 Ng4
9.Bg5 f6 10.Bd2 Nh6 11.Qc2 Nf7 12.Rad1 c6 13.b4 f5 14.exf5 gxf5 15.dxe5 Ndxe5
16.Nxe5 dxe5 17.f4 Qe7 18.Kh1 Be6 19.Na4 b6 20.Bc3 e4 21.Qb2 Bxc3 22.Qxc3 Rad8
23.Nb2 Nh6 24.Kg1 Qg7 25.Qxg7+ Kxg7 26.Kf2 Ng8 27.Ke3 Nf6 28.g3 Kf7 29.Rxd8 Rxd8
30.Rd1 Rxd1 31.Nxd1 Ke7 32.a3 Kd6 33.Nc3 h5 34.h3 Ke7 35.Kd4 Kd6 36.c5+ bxc5+
37.bxc5+ Ke7 38.Nd1 h4 39.gxh4 Nd5 40.Ke5 Nf6 41.Ne3 Nd7+ 42.Kd4 Kf6 43.h5 Nf8
44.h6 Ng6 45.Ng2 Nf8 46.Nh4 Bg8 47.Ke3 Nd7 48.Nxf5 Nxc5 49.Nd6 Kg6 50.Kd4 Nb3+
51.Kxe4 Bd5+ 52.Ke5 Kxh6 53.Nf5+ Kh7 54.Bd3 Kh8 55.Ne7 Bg2 56.Ng6+ Kg7 57.f5 Nc5
58.Bb1 Bxh3 59.Nf4 Bf1 60.Kd6 Na4 61.Ke7 Bc4 62.f6+ Kg8 63.Be4 Nb6 64.Bf5 c5
65.Be6+ Bxe6 66.Kxe6 c4 67.f7+ Kg7 68.Ng6  1-0

[Event "Kurgan"]
[Site "Kurgan"]
[Date "1995.??.??"]
[Round "8"]
[White "Pospelov, Evgeny"]
[Black "Kupreichik, Viktor D"]
[Result "1/2-1/2"]
[WhiteElo "2385"]
[BlackElo "2500"]

1.d4 Nf6 2.c4 g6 3.Nc3 Bg7 4.e4 d6 5.Nf3 O-O 6.Be2 e5 7.d5 a5 8.Bg5 Na6 9.Nd2 Qe8
10.O-O Bd7 11.b3 Kh8 12.Kh1 Ng8 13.g4 Bh6 14.Bxh6 Nxh6 15.Rg1 Qe7 16.Qc1 Nc5
17.Nf1 Qh4 18.f3 f5 19.gxf5 gxf5 20.Qg5 Qxg5 21.Rxg5 fxe4 22.fxe4 Rf4 23.Nd2 Rg8
24.Rxg8+ Kxg8 25.Rg1+ Kf7 26.Rg3 c6 27.Kg2 Ng4 28.Bxg4 Bxg4 29.a3 Nd7 30.h3 Bh5
31.dxc6 bxc6 32.b4 axb4 33.axb4 Bg6 34.Re3 Nb6 35.Ne2 Rf6 36.Ra3 Ke6 37.Nc3 Kd7
38.Ra7+  1/2-1/2

[Event "La Coruna TH op"]
[Site "La Coruna"]
[Date "1995.??.??"]
[Round "2"]
[White "Giorgadze, Giorgi"]
[Black "Gonzalez Coto, JA."]
[Result "1-0"]
[WhiteElo "2605"]
[BlackElo "2285"]

1.d4 Nf6 2.c4 g6 3.Nc3 Bg7 4.e4 d6 5.Nf3 O-O 6.Be2 e5 7.Be3 Ng4 8.Bg5 f6
9.Bh4 Nc6 10.d5 Ne7 11.Nd2 Nh6 12.f3 f5 13.b4 a5 14.bxa5 Rxa5 15.Nb3 Ra8
16.a4 fxe4 17.Nxe4 Nhf5 18.Bf2 Bh6 19.Qd3 c5 20.dxc6 Nxc6 21.O-O Be6 22.Rfd1 Nfd4
23.Nxd4 exd4 24.Qa3 Bf5 25.Bd3 d5 26.cxd5 Qxd5 27.Rab1 Rf7 28.Rb5 Bxe4 29.Rxd5 Bxd5
30.Qc5 Ra5 31.Bb5 Bb3 32.Re1 Bf8 33.Re8 Rf5 34.Qb6 Bxa4 35.Bxa4 Kf7 36.Qxb7+ Ne7
37.Qb3+ Rfd5 38.Be1 Rc5 39.Bb4 Rc1+ 40.Kf2 Ke6  1-0

[Event "La Coruna TH op"]
[Site "La Coruna"]
[Date "1995.??.??"]
[Round "4"]
[White "Nedobora, Mikhail"]
[Black "Brito, Alfredo"]
[Result "1-0"]
[WhiteElo "2465"]
[BlackElo "2360"]

1.d4 g6 2.c4 Bg7 3.Nc3 d6 4.e4 Nf6 5.Be2 O-O 6.Nf3 e5 7.d5 a5 8.Bg5 h6 9.Bh4 Na6
10.O-O Bd7 11.Nd2 Qb8 12.Kh1 c6 13.Bg3 h5 14.h3 Nc5 15.f4 cxd5 16.fxe5 dxe5
17.cxd5 b5 18.Bh4 Qb6 19.d6 Nh7 20.Nd5 Qb7 21.Rc1 Ne6 22.Nb3 Kh8 23.Nc5 Nxc5
24.Rxc5 Rac8 25.Rxc8 Qxc8 26.Nb6 Qc6 27.Nxd7 Qxd7 28.Qd5 g5 29.Bxb5 Qd8 30.Bg3  1-0

[Event "La Coruna TH op"]
[Site "La Coruna"]
[Date "1995.??.??"]
[Round "9"]
[White "Adla, Diego"]
[Black "Bernal Moro, Luis Javier"]
[Result "1-0"]
[WhiteElo "2440"]
[BlackElo "2400"]

1.d4 Nf6 2.c4 d6 3.Nc3 Nbd7 4.e4 e5 5.Nf3 g6 6.Be2 Bg7 7.O-O O-O 8.Re1 c6
9.Bf1 Qe7 10.Rb1 exd4 11.Nxd4 a5 12.Bf4 Re8 13.Qd2 Nc5 14.f3 Nfd7 15.Rbd1 Be5
16.Kh1 Nf8 17.Bg5 Qc7 18.Be3 Qe7 19.g3 a4 20.Bg2 Nfd7 21.Qc2 h5 22.Bf2 h4
23.gxh4 Nf6 24.Bg3 Nh5 25.Nce2 Bf6 26.b4 Nd7 27.f4 Bxh4 28.Bxh4 Qxh4 29.Rf1 Ndf6
30.Nf3 Qg4 31.Nfg1 Qe6 32.Nd4 Qe7 33.Rde1 Ng4 34.Bh3 Ngf6 35.e5 Bxh3 36.Nxh3 Ng4
37.Qg2 Nh6 38.f5 dxe5 39.fxg6 f6 40.Nf5 Nxf5 41.Rxf5 Ng7 42.Rff1 Ne6 43.Nf2 Nf4
44.Qg4 Qg7 45.Ne4 Rad8 46.Ng3 Qh6 47.h4 Nd3 48.Nf5 Qd2 49.Re2  1-0

[Event "Las Palmas op"]
[Site "Las Palmas"]
[Date "1995.??.??"]
[Round "3"]
[White "Palacios Perez, Manuel"]
[Black "Solana Suarez, Ernesto"]
[Result "1-0"]
[WhiteElo "2145"]
[BlackElo "2385"]

1.d4 Nf6 2.c4 g6 3.Nc3 Bg7 4.e4 d6 5.Nf3 O-O 6.Be2 e5 7.d5 a5 8.Bg5 h6 9.Bh4 Na6
10.Nd2 Bd7 11.O-O Qb8 12.a3 Nh7 13.Qc2 h5 14.f3 Bh6 15.Bf2 Qd8 16.Rab1 a4
17.Rfd1 Nc5 18.b4 axb3 19.Nxb3 Nxb3 20.Qxb3 b6 21.Nb5 h4 22.a4 Bg5 23.Ra1 Nf6
24.a5 bxa5 25.c5 Bxb5 26.Qxb5 Qe7 27.Rxa5 Rfb8 28.Rxa8 Rxa8 29.c6 Nh5 30.Qb7 Ra2
31.Bc4 Rxf2 32.Qc8+ Kg7 33.Kxf2 Bf4 34.Rb1 Bxh2 35.Rb8 Kf6 36.Qh8+ Kg5 37.Re8  1-0

[Event "Las Palmas op"]
[Site "Las Palmas"]
[Date "1995.??.??"]
[Round "9"]
[White "Brito, Alfredo"]
[Black "Cramling, Pia"]
[Result "0-1"]
[WhiteElo "2360"]
[BlackElo "2510"]

1.d4 Nf6 2.c4 g6 3.Nc3 Bg7 4.e4 d6 5.Nf3 O-O 6.Be2 e5 7.O-O Na6 8.Be3 Ng4
9.Bg5 Qe8 10.h3 h6 11.Bc1 Nf6 12.dxe5 dxe5 13.Be3 Nh5 14.b4 Nxb4 15.Bc5 Na6
16.Bxf8 Qxf8 17.Nd2 Nf4 18.Nb3 c6 19.Re1 h5 20.Bf1 Ne6 21.Rb1 Qa3 22.c5 Naxc5
23.Qd6 Qb4 24.Rec1 Bf8 25.Qxe5 Nxb3 26.Rxb3 Qc5 27.Qg3 Bd6 28.e5 Bxe5 29.Ne4 Qxc1
30.Qxe5 Qf4 31.Nf6+ Kh8 32.Qb2 Qd4 33.Ne8 Qxb2 34.Rxb2 b6 35.Rd2 Kg8 36.Bc4 Kf8
37.Nf6 Nc5 38.Nh7+ Ke7 39.Ng5 Be6 40.Re2 Rd8  0-1

[Event "Las Vegas op 5'"]
[Site "Las Vegas"]
[Date "1995.??.??"]
[Round "4"]
[White "Dlugy, Maxim"]
[Black "Mariano, Nelson"]
[Result "0-1"]
[WhiteElo "2545"]
[BlackElo "2510"]

1.Nf3 Nf6 2.c4 g6 3.Nc3 Bg7 4.e4 d6 5.d4 O-O 6.Be2 e5 7.Be3 Ng4 8.Bg5 f6
9.Bh4 h5 10.h3 Nh6 11.dxe5 dxe5 12.Qxd8 Rxd8 13.Nd5 g5 14.Nxg5 fxg5 15.Bxg5 Rd7
16.Ne7+ Rxe7 17.Bxe7 Nc6 18.Bc5 Be6 19.Rc1 h4 20.O-O Nf7 21.Bg4 Bxg4 22.hxg4 Ng5
23.f3 h3 24.Be3 hxg2 25.Kxg2 Ne6 26.Rh1 Rd8 27.Rcd1 Ncd4 28.b3 c5 29.Rh5 Rf8
30.Bxd4 Nf4+ 31.Kf2 cxd4 32.Rf5 Re8 33.c5 Re6 34.b4 Rh6 35.Rd2 Rh2+ 36.Ke1 Rh1+
37.Kf2 Rb1 38.a3 Ra1 39.Rc2 d3 40.Rd2 Rxa3 41.Ke3 Rb3 42.Rxf4 exf4+ 43.Kxf4 Bb2
44.Kf5 Bc1 45.Rd1 d2 46.f4 Re3 47.e5 Re1 48.Rxd2 Bxd2 49.e6 Bxf4 50.Kxf4 Rxe6  0-1

[Event "National op"]
[Site "Las Vegas"]
[Date "1995.??.??"]
[Round "6"]
[White "Fassl, Erich"]
[Black "Remlinger, Larry"]
[Result "0-1"]
[WhiteElo "2260"]
[BlackElo "2465"]

1.d4 Nf6 2.c4 g6 3.Nc3 Bg7 4.e4 d6 5.Nf3 O-O 6.Be2 e5 7.O-O exd4 8.Nxd4 Re8
9.f3 c6 10.Kh1 Nbd7 11.Rb1 a6 12.Bg5 h6 13.Be3 d5 14.cxd5 cxd5 15.Qd2 Kh7
16.exd5 Nb6 17.Rbd1 Nbxd5 18.Nxd5 Nxd5 19.Bf2 Qf6 20.Rfe1 Nf4 21.Bf1 Rd8
22.Bg3 Ne6 23.Be5 Qxe5 24.Rxe5 Bxe5 25.Qa5 Bxd4 26.Bd3 Bd7 27.h4 Bc6 28.h5 Rd5  0-1

[Event "National op"]
[Site "Las Vegas"]
[Date "1995.??.??"]
[Round "6"]
[White "Danner, Georg"]
[Black "Paschall, William M"]
[Result "1-0"]
[WhiteElo "2440"]
[BlackElo "2370"]

1.d4 Nf6 2.Nf3 g6 3.c4 Bg7 4.Nc3 O-O 5.e4 d6 6.Be2 e5 7.d5 a5 8.Bg5 h6 9.Bh4 Na6
10.Nd2 Qe8 11.a3 Bd7 12.b3 Nh7 13.Rb1 h5 14.f3 Bh6 15.Bf2 Nc5 16.Qc2 Qe7
17.b4 axb4 18.axb4 Na4 19.Nb5 Rfc8 20.c5 Qg5 21.Nf1 f5 22.c6 bxc6 23.dxc6 Be6
24.Na7 Nc5 25.Bc4 Rxa7 26.Bxc5  1-0

[Event "Le Touquet op"]
[Site "Le Touquet"]
[Date "1995.??.??"]
[Round "?"]
[White "Sellos, Didier"]
[Black "Degraeve, Jean Marc"]
[Result "1/2-1/2"]
[WhiteElo "2410"]
[BlackElo "2425"]

1.d4 Nf6 2.c4 g6 3.Nc3 Bg7 4.e4 d6 5.Be2 O-O 6.Nf3 e5 7.Be3 c6 8.O-O exd4
9.Bxd4 Re8 10.Nd2 Nbd7 11.Re1 Nc5 12.Qc2 Ne6 13.Be3 d5 14.cxd5 cxd5 15.exd5 Nxd5
16.Nxd5 Qxd5 17.Bf3 Qa5 18.Nb3 Nd4 19.Nxd4 Bxd4 20.Bd2 Bf5 21.Bxa5 Bxc2 22.Rac1 Rxe1+
23.Rxe1 Rc8 24.Bxb7 Rb8 25.Re7 Bxb2 26.g4 Bf6 27.Rc7  1/2-1/2

[Event "Le Touquet op"]
[Site "Le Touquet"]
[Date "1995.??.??"]
[Round "?"]
[White "De Sousa, Jose"]
[Black "Ivanov, Mikhail M"]
[Result "0-1"]
[WhiteElo "2260"]
[BlackElo "2450"]

1.d4 Nf6 2.c4 d6 3.Nf3 g6 4.Nc3 Bg7 5.e4 O-O 6.Be2 e5 7.d5 Qe8 8.h3 a5 9.Bg5 Nh5
10.g3 f5 11.exf5 gxf5 12.Nd2 Nf6 13.f4 exf4 14.gxf4 Na6 15.O-O Nc5 16.Kh2 a4
17.Rb1 Bd7 18.Bf3 Kh8 19.Re1 Qf7 20.Qc2 Rae8 21.b4 axb3 22.axb3 Rxe1 23.Rxe1 Re8
24.Qb1 h6 25.Bh4 Ng4+ 26.hxg4 fxg4 27.Rxe8+ Bxe8 28.Ne2 Qh5 29.Kg3 gxf3 30.Nxf3 Bg6  0-1

[Event "Leeuwarden op"]
[Site "Leeuwarden"]
[Date "1995.??.??"]
[Round "1"]
[White "Lobron, Eric"]
[Black "Mittelman, Gur"]
[Result "1-0"]
[WhiteElo "2595"]
[BlackElo "2375"]

1.d4 Nf6 2.Nf3 g6 3.c4 Bg7 4.Nc3 O-O 5.e4 d6 6.Be2 e5 7.O-O Na6 8.Be3 Ng4
9.Bg5 Qe8 10.dxe5 dxe5 11.h3 h6 12.Bd2 Nf6 13.Be3 Nh5 14.Re1 Nf4 15.Bf1 Ne6
16.Rb1 Nb8 17.b4 Nc6 18.Nd5 Qd8 19.Qd2 Kh7 20.b5 Ncd4 21.Bxd4 exd4 22.e5 a6
23.b6 c6 24.Nf4 Nxf4 25.Qxf4 Bf5 26.Rb2 c5 27.g4 Bd7 28.Bd3 Bc6 29.Qg3 Bxf3
30.Qxf3 Qh4 31.Kg2 Rae8 32.Qxb7 Rxe5 33.Rxe5 Bxe5 34.Bxg6+ Kg7 35.Bd3 Qf6
36.Qe4 Qf4 37.Qxf4 Bxf4 38.Kf3 Bb8 39.Rb3  1-0

[Event "Leeuwarden op"]
[Site "Leeuwarden"]
[Date "1995.??.??"]
[Round "1"]
[White "Chuchelov, Vladimir"]
[Black "Van der Weide, Karel"]
[Result "0-1"]
[WhiteElo "2550"]
[BlackElo "2325"]

1.d4 Nf6 2.Nf3 g6 3.c4 Bg7 4.Nc3 O-O 5.e4 d6 6.Be2 Nbd7 7.O-O e5 8.Be3 c6
9.d5 Ng4 10.Bg5 f6 11.Bh4 c5 12.Ne1 Nh6 13.Nd3 Nf7 14.Rb1 Bh6 15.a3 Bf4 16.b4 h5
17.bxc5 Nxc5 18.Nxf4 exf4 19.f3 Ne5 20.Bf2 b6 21.Qd2 f5 22.Bd4 Qe7 23.Qxf4 fxe4
24.Qh6 exf3 25.Bxe5 Qxe5 26.Qxg6+ Kh8 27.Rxf3 Rxf3 28.Bxf3 Qxc3 29.Qxh5+ Kg7
30.Qg5+ Kh8 31.Qd8+ Kh7 32.Rf1 Qd4+ 33.Kh1 Bb7 34.Qe7+ Qg7 35.Qxd6 Kg8 36.h4 Rf8
37.h5 Bc8 38.h6 Qf6 39.h7+ Kh8 40.Qc7 Qh6+ 41.Kg1 Qf4 42.Qe7 Ne4 43.Re1 Ng5
44.Qe5+ Kxh7 45.Qxf4 Rxf4 46.Re7+ Rf7 47.d6 Bd7 48.Bh5 Rg7 49.Re3 Ne6 50.Bf7 Nc5
51.Bd5 Rg6 52.Kh2 Rxd6 53.Re7+ Kg6 54.Kg3 Kf6 55.Rf7+ Ke5 56.Rg7 Kd4 57.Bg8 Ne4+
58.Kh2 Nf6 59.Bf7 Ng4+ 60.Kg3  0-1

[Event "GER-chJT"]
[Site "Leipzig"]
[Date "1995.??.??"]
[Round "?"]
[White "Richter, Michael"]
[Black "Naumann, Alexander"]
[Result "0-1"]
[WhiteElo "2255"]
[BlackElo "2360"]

1.d4 Nf6 2.c4 g6 3.Nc3 Bg7 4.e4 O-O 5.Nf3 d6 6.Be2 Nbd7 7.O-O e5 8.d5 Nc5
9.Qc2 a5 10.Bg5 h6 11.Be3 b6 12.Ne1 Ng4 13.Bd2 f5 14.Bxg4 fxg4 15.Nd3 h5
16.Nxc5 bxc5 17.Nb5 h4 18.a4 Qe7 19.Ra3 Rf7 20.Qd1 Rf4 21.Qe1 Qf7 22.Bxf4 exf4
23.Rb3 Be5 24.f3 g5 25.Qe2 gxf3 26.gxf3 Bh3 27.Rd1 Rf8 28.Kf2 g4 29.fxg4 f3
30.Rxf3 Bxg4 31.Rxf7 Rxf7+ 32.Ke1 Bxe2 33.Kxe2 Bxh2 34.Rf1 Re7 35.Kf3 Bg3
36.Na7 Rf7+ 37.Ke2 Rh7 38.Nc6 h3 39.Rh1 h2 40.Kf3 Rg7 41.b3 Kh7 42.Kg2 Bf4+
43.Kf1 Kh6 44.Nxa5 Kh5 45.Nc6 Kg4 46.Nd8 Kg3 47.a5 Be3 48.Ke2 Bg1 49.a6 Rg8
50.Ne6 Ra8 51.e5 Ra7 52.Kf1 dxe5 53.Rxg1+ hxg1=Q+ 54.Kxg1 Rxa6 55.Kf1 Kf3
56.Ng5+ Ke3 57.Ne6 e4 58.Nxc7 Rf6+ 59.Kg2 Rg6+ 60.Kh3 Kf3  0-1

[Event "GER-chJT"]
[Site "Leipzig"]
[Date "1995.??.??"]
[Round "?"]
[White "Richter, Michael"]
[Black "Buenermann, Volker"]
[Result "0-1"]
[WhiteElo "2255"]
[BlackElo "2290"]

1.d4 Nf6 2.c4 g6 3.Nc3 Bg7 4.e4 d6 5.Nf3 O-O 6.Be2 e5 7.O-O exd4 8.Nxd4 Re8
9.f3 Nc6 10.Be3 Nh5 11.f4 Nf6 12.Bf3 Bg4 13.Nxc6 Bxf3 14.Qxf3 bxc6 15.Rae1 Qc8
16.e5 dxe5 17.Qxc6 Ng4 18.Nd5 exf4 19.Bc5 Ne5 20.Qxc7 Kh8 21.Bf2 Qg4 22.h3 Qf5
23.b3 h5 24.Rd1 Qg5 25.Qa5 f3 26.g3 h4 27.Kh2 hxg3+ 28.Bxg3 Nxc4 29.Qc5 Re2+
30.Rf2 Ne3 31.Rg1 Qxd5 32.Qc7 Rxf2+ 33.Bxf2 Be5+  0-1

[Event "GER-ch U20"]
[Site "Leipzig"]
[Date "1995.??.??"]
[Round "1"]
[White "Lauber, Arnd"]
[Black "Hausrath, Daniel"]
[Result "1-0"]
[WhiteElo "2290"]
[BlackElo "2370"]

1.d4 d6 2.Nf3 Nf6 3.c4 g6 4.Nc3 Bg7 5.e4 O-O 6.Be2 Qe8 7.O-O e5 8.d5 a5 9.Ne1 Na6
10.Nd3 Bd7 11.Bg5 h6 12.Bxf6 Bxf6 13.Bg4 c5 14.Qf3 Bg7 15.Bxd7 Qxd7 16.a3 Kh7
17.Qg3 Nc7 18.f4 exf4 19.Qxf4 Rae8 20.Rae1 Bd4+ 21.Kh1 Be5 22.Nxe5 Rxe5 23.Re3 f5
24.Qg3 b5 25.exf5 Rfxf5 26.Rxf5 Qxf5 27.h4 bxc4 28.Rf3 Qd7 29.Rf6 Qg7 30.Qf2 Re1+
31.Kh2 Kg8 32.Rxg6 Qxg6 33.Qxe1 Qf6 34.Qg3+ Kf7 35.Ne4 Qe5 36.Nxd6+ Kf6 37.Nxc4 Qxg3+
38.Kxg3 Nxd5 39.Nxa5 Ke5 40.b4 cxb4 41.Nc6+ Kd6 42.Nxb4 Ne3 43.Kf3 Nf5 44.g3  1-0